[Event "SRB-chT2 East"]
[Site "Serbia"]
[Date "2018.09.07"]
[Round "1.34"]
[White "Zafirovski, Mite"]
[Black "Zivanovic, Zoran M"]
[Result "1-0"]
[WhiteElo "2245"]
[BlackElo "2049"]
[PlyCount "46"]
[EventDate "2018.09.07"]
[EventType "team-tourn"]
[EventRounds "11"]
[EventCountry "SRB"]
[SourceTitle "EXT 2021"]
[Source "ChessBase"]
[SourceDate "2020.10.23"]
[SourceVersion "1"]
[SourceVersionDate "2020.10.23"]
[SourceQuality "1"]
[WhiteTeam "Kostolac Rudar"]
[BlackTeam "Pozarevac"]
[WhiteTeamCountry "SRB"]
[BlackTeamCountry "SRB"]

1. d4 Nf6 2. c4 e5 3. dxe5 Ng4 4. Nf3 Nc6 5. Nc3 Ngxe5 6. Nxe5 Nxe5 7. e3 Bb4 8. Bd2 0-0 9. Be2 d6 10. a3 Bxc3 11. Bxc3 Qe7 12. 0-0 f5 13. Qd2 Kh8 14. Rae1 b6 15. f4 Ng4 16. Bf3 Rb8 17. e4 Qf7 18. Bxg4 fxg4 19. f5 Ba6 20. Rf4 Qh5 21. Qe2 Rf7 22. Rxg4 Qh6 23. Rg3 Re8 1-0

[Event "SRB-chT 1st League"]
[Site "Banja Vrujci"]
[Date "2017.09.24"]
[Round "11.3"]
[White "Radovanovic, Mihajlo"]
[Black "Zafirovski, Mite"]
[Result "1-0"]
[WhiteElo "2369"]
[BlackElo "2247"]
[PlyCount "199"]
[EventDate "2017.09.16"]
[EventType "team"]
[EventRounds "11"]
[EventCountry "SRB"]
[SourceTitle "EXT 2018"]
[Source "ChessBase"]
[SourceDate "2017.10.13"]
[SourceVersion "1"]
[SourceVersionDate "2017.10.13"]
[SourceQuality "1"]
[WhiteTeam "Despotovac Sloga"]
[BlackTeam "Kostolac Rudar"]
[WhiteTeamCountry "SRB"]
[BlackTeamCountry "SRB"]

1. Nf3 Nf6 2. c4 e6 3. g3 d5 4. Bg2 Be7 5. d4 0-0 6. Qc2 c5 7. dxc5 Qa5+ 8. Qc3 Qxc5 9. cxd5 Nxd5 10. Qxc5 Bxc5 11. Bd2 Nc6 12. 0-0 Bd7 13. Nc3 Nxc3 14. Bxc3 Rfd8 15. Ne5 Nxe5 16. Bxe5 Bc6 17. Bxc6 bxc6 18. Rfd1 Rd5 19. Bc3 Rad8 20. Rdc1 Be7 21. Kf1 Kf8 22. e3 g6 23. Ke2 Ke8 24. Rc2 Rb5 25. Rac1 c5 26. g4 f5 27. h3 Rd6 28. f4 Ra6 29. b3 Rb7 30. g5 Kf7 31. Rd1 Rd6 32. Rxd6 Bxd6 33. Rd2 Be7 34. Kd3 Ke8 35. Kc4 a6 36. Rd1 Rd7 37. Rh1 Kd8 38. h4 Kc7 39. h5 gxh5 40. Rxh5 Bf8 41. Rh1 Kc6 42. Rh2 Rf7 43. Be5 Rd7 44. Re2 Rd1 45. Bb2 Rh1 46. e4 fxe4 47. Rxe4 Kd7 48. Re2 Bd6 49. Be5 Rc1+ 50. Kd3 Bxe5 51. Rxe5 Kd6 52. Re2 Kd5 53. Re5+ Kd6 54. Re4 Kd5 55. Ra4 h6 56. gxh6 Rh1 57. Rxa6 Rxh6 58. Ra4 Rh3+ 59. Kc2 Rh2+ 60. Kc3 Rh3+ 61. Kb2 Rh2+ 62. Ka3 Rd2 63. Rc4 Rf2 64. Ka4 Rxa2+ 65. Kb5 Ra8 66. Rxc5+ Kd6 67. Rc4 Rb8+ 68. Ka4 Kd5 69. Ka3 Ra8+ 70. Kb4 Rh8 71. Rc5+ Kd6 72. Rc4 Kd5 73. Kc3 Rh3+ 74. Kb2 Rh8 75. Rc2 Rh4 76. Rc4 Rh8 77. Ka3 Ra8+ 78. Ra4 Rf8 79. Kb2 Rc8 80. Ra5+ Kd6 81. Ka3 Rf8 82. Ra4 Kd5 83. Rc4 Rb8 84. Rc1 Ra8+ 85. Kb2 Rf8 86. Rd1+ Ke4 87. Re1+ Kd5 88. Re5+ Kd6 89. Re4 Kd5 90. Ra4 Rc8 91. Ra1 Rf8 92. Ra5+ Kd6 93. Ra4 Rc8 94. Rd4+ Ke7 95. b4 Rh8 96. Kb3 Rh1 97. b5 Kf6 98. Ka4 Ra1+ 99. Kb4 Kf5 100. b6 1-0

[Event "SRB-chT 1st League"]
[Site "Banja Vrujci"]
[Date "2017.09.20"]
[Round "6.2"]
[White "Zafirovski, Mite"]
[Black "Biljanic, Ljubomir"]
[Result "1-0"]
[WhiteElo "2247"]
[BlackElo "2243"]
[PlyCount "129"]
[EventDate "2017.09.16"]
[EventType "team"]
[EventRounds "11"]
[EventCountry "SRB"]
[SourceTitle "CBM 180 Extra"]
[Source "ChessBase"]
[SourceDate "2017.10.06"]
[SourceVersion "1"]
[SourceVersionDate "2017.10.06"]
[SourceQuality "1"]
[WhiteTeam "Kostolac Rudar"]
[BlackTeam "Kosovska Mitrovica"]
[WhiteTeamCountry "SRB"]
[BlackTeamCountry "SRB"]

1. d4 Nf6 2. c4 e6 3. g3 Bb4+ 4. Bd2 Bxd2+ 5. Qxd2 d6 6. Nf3 0-0 7. Bg2 Qe7 8. Nc3 Nbd7 9. 0-0 Nb6 10. b3 e5 11. e4 Rd8 12. h3 c5 13. d5 Nbd7 14. a3 a6 15. a4 Nf8 16. Ne1 Bd7 17. Nd3 Rdb8 18. Rfb1 Qd8 19. a5 b5 20. axb6 Rxb6 21. Ra3 Ng6 22. Na4 Bxa4 23. Rxa4 Nd7 24. Nc1 Ra7 25. Rba1 Ne7 26. Qa2 f5 27. Qc2 f4 28. h4 g5 29. hxg5 Ng6 30. Qe2 Qxg5 31. Qf3 Nf6 32. Ne2 h5 33. Kh1 Ng4 34. Ng1 fxg3 35. Nh3 Qh6 36. Qxg3 Kh8 37. f3 Rxb3 38. Qe1 Ne3 39. Rxa6 Rg7 40. Ra8+ Kh7 41. R8a7 Ne7 42. R7a2 Qf6 43. Ng1 Qf4 44. Bh3 Nxc4 45. Rh2 Ne3 46. Be6 Kh6 47. Qf2 Qg3 48. Qd2 Ng6 49. Bg4 Nf4 50. Ne2 Nxe2 51. Rxh5+ Kg6 52. Qxe2 Rgb7 53. Rg1 Rb1 54. Qxe3 Rxg1+ 55. Qxg1 Qf4 56. Rh2 Kf6 57. Qe1 Kg7 58. Rg2 Kf8 59. Qg3 Rb1+ 60. Kh2 Qc1 61. Rg1 Rb2+ 62. Rg2 Rb1 63. Rg1 Rb2+ 64. Kh1 Qd2 65. Bh3 1-0

[Event "SRB-chT 1st League"]
[Site "Banja Vrujci"]
[Date "2017.09.18"]
[Round "4.1"]
[White "Zafirovski, Mite"]
[Black "Vojinovic, Luka"]
[Result "1/2-1/2"]
[WhiteElo "2247"]
[BlackElo "2223"]
[PlyCount "100"]
[EventDate "2017.09.16"]
[EventType "team"]
[EventRounds "11"]
[EventCountry "SRB"]
[SourceTitle "CBM 180 Extra"]
[Source "ChessBase"]
[SourceDate "2017.10.06"]
[SourceVersion "1"]
[SourceVersionDate "2017.10.06"]
[SourceQuality "1"]
[WhiteTeam "Kostolac Rudar"]
[BlackTeam "Arandjelovac"]
[WhiteTeamCountry "SRB"]
[BlackTeamCountry "SRB"]

1. d4 d5 2. c4 c6 3. Nf3 Nf6 4. g3 g6 5. Bg2 Bg7 6. 0-0 0-0 7. Qb3 dxc4 8. Qxc4 Be6 9. Qa4 Nbd7 10. Nc3 Bd5 11. Qc2 Bxf3 12. Bxf3 Qb6 13. Be3 Qa6 14. Bf4 Ne8 15. Rfd1 e5 16. dxe5 Nxe5 17. Bg2 Nc7 18. Ne4 Ne6 19. Bxe5 Bxe5 20. e3 Rad8 21. a3 Qb6 22. Nc3 a5 23. Na4 Qc7 24. Bh3 Ng5 25. Bg2 Ne6 26. Bh3 f5 27. Nc3 Qb6 28. Rac1 Kg7 29. Na4 Qc7 30. Qb3 Qe7 31. Qc2 Rxd1+ 32. Rxd1 Rd8 33. Rxd8 Qxd8 34. Qb3 Qe7 35. Bg2 b5 36. Nc3 Qd6 37. Ne2 Nc5 38. Qc2 a4 39. h4 Kf7 40. h5 Ke7 41. hxg6 hxg6 42. Nf4 Bxf4 43. gxf4 Kd7 44. Qc3 Nb3 45. Qg7+ Kd8 46. Qb7 Qd1+ 47. Kh2 Qh5+ 48. Kg1 Qd1+ 49. Kh2 Qh5+ 50. Bh3 Qf3 1/2-1/2

[Event "SRB-chT 1st League"]
[Site "Banja Vrujci"]
[Date "2017.09.17"]
[Round "3.6"]
[White "Zafirovski, Mite"]
[Black "Pantelic, Sasa"]
[Result "1/2-1/2"]
[WhiteElo "2247"]
[BlackElo "2300"]
[PlyCount "69"]
[EventDate "2017.09.16"]
[EventType "team"]
[EventRounds "11"]
[EventCountry "SRB"]
[SourceTitle "CBM 180 Extra"]
[Source "ChessBase"]
[SourceDate "2017.10.06"]
[SourceVersion "1"]
[SourceVersionDate "2017.10.06"]
[SourceQuality "1"]
[WhiteTeam "Kostolac Rudar"]
[BlackTeam "Sabac"]
[WhiteTeamCountry "SRB"]
[BlackTeamCountry "SRB"]

1. d4 Nf6 2. c4 g6 3. g3 Bg7 4. Bg2 0-0 5. Nc3 Nc6 6. Nf3 d6 7. 0-0 Bg4 8. d5 Na5 9. Nd2 c5 10. Qc2 a6 11. h3 Bf5 12. e4 Bd7 13. b3 b5 14. Bb2 Rb8 15. Rab1 e6 16. dxe6 fxe6 17. Ne2 e5 18. f4 Qe7 19. fxe5 dxe5 20. Nc3 Nc6 21. Qd1 Nd4 22. Nf3 bxc4 23. bxc4 Rb4 24. a3 Rb6 25. Ba1 Rfb8 26. Qd3 Qd6 27. Rxb6 Rxb6 28. Nd2 Bh6 29. Nd5 Nxd5 30. cxd5 Bb5 31. Nc4 Qe7 32. a4 Bxc4 33. Qxc4 Rf6 34. Rxf6 Qxf6 35. Bxd4 1/2-1/2

[Event "SRB-chT2 East CS"]
[Site "Kragujevac"]
[Date "2016.10.08"]
[Round "9.5"]
[White "Zafirovski, Mite"]
[Black "Banjovic, Sasa"]
[Result "1/2-1/2"]
[WhiteElo "2241"]
[BlackElo "2180"]
[PlyCount "64"]
[EventDate "2016.08.26"]
[EventType "team-tourn"]
[EventRounds "11"]
[EventCountry "SRB"]
[SourceTitle "EXT 2021"]
[Source "ChessBase"]
[SourceDate "2020.10.23"]
[SourceVersion "1"]
[SourceVersionDate "2020.10.23"]
[SourceQuality "1"]

1. d4 e6 2. c4 f5 3. g3 Nf6 4. Bg2 Be7 5. Nf3 d6 6. 0-0 0-0 7. Nc3 Ne4 8. Qc2 Nxc3 9. bxc3 Nd7 10. e4 Nf6 11. exf5 exf5 12. d5 Ne4 13. Nd4 Nc5 14. Nb3 b6 15. Be3 f4 16. Bxf4 Bf5 17. Qd2 Nd3 18. Nd4 Nxf4 19. Qxf4 Bd3 20. Qg4 Bf6 21. Rfd1 Bg6 22. Be4 Bxd4 23. cxd4 Qf6 24. Rd2 Bxe4 25. Qxe4 Rae8 26. Qd3 Qf3 27. Qxf3 Rxf3 28. Rc1 Re4 29. c5 Re7 30. cxd6 cxd6 31. Rc6 Rd7 32. Rb2 Ra3 1/2-1/2

[Event "SRB-chT2 East"]
[Site "Leskovac"]
[Date "2014.09.27"]
[Round "4.1"]
[White "Livaja, Mario"]
[Black "Zafirovski, Mite"]
[Result "1/2-1/2"]
[WhiteElo "2262"]
[BlackElo "2260"]
[PlyCount "42"]
[EventDate "2014.09.25"]
[EventType "team-swiss"]
[EventRounds "6"]
[EventCountry "SRB"]
[SourceTitle "EXT 2015"]
[Source "ChessBase"]
[SourceDate "2014.11.20"]
[SourceVersion "1"]
[SourceVersionDate "2014.11.20"]
[SourceQuality "1"]

1. d4 Nf6 2. c4 e6 3. Nc3 Bb4 4. Qc2 0-0 5. e4 d5 6. e5 Ne4 7. Bd3 c5 8. Nf3 cxd4 9. Nxd4 Nd7 10. Bf4 Qh4 11. g3 Qh5 12. 0-0 Bxc3 13. bxc3 g5 14. Be3 g4 15. f3 gxf3 16. Nxf3 Ndc5 17. Be2 Bd7 18. Bf4 Qg6 19. Qc1 Rfc8 20. Nh4 Qg7 21. Nf3 Qg6 1/2-1/2

[Event "SRB-chT2 East"]
[Site "Leskovac"]
[Date "2014.09.26"]
[Round "3.2"]
[White "Ivic, Matija"]
[Black "Zafirovski, Mite"]
[Result "1/2-1/2"]
[WhiteElo "1960"]
[BlackElo "2260"]
[PlyCount "34"]
[EventDate "2014.09.25"]
[EventType "team-swiss"]
[EventRounds "6"]
[EventCountry "SRB"]
[SourceTitle "EXT 2015"]
[Source "ChessBase"]
[SourceDate "2014.11.20"]
[SourceVersion "1"]
[SourceVersionDate "2014.11.20"]
[SourceQuality "1"]

1. Nf3 Nf6 2. g3 d5 3. c4 e6 4. Bg2 Be7 5. 0-0 0-0 6. d3 c5 7. b3 Nc6 8. Bb2 d4 9. e4 e5 10. Nbd2 Ne8 11. Qe2 g6 12. Ne1 Ng7 13. f4 Qc7 14. Bc1 Bd6 15. fxe5 Nxe5 16. Ndf3 Bg4 17. Bh6 f6 1/2-1/2

[Event "SRB-chT2 East"]
[Site "Zajecar"]
[Date "2013.10.12"]
[Round "5.15"]
[White "Petrov, Georgi"]
[Black "Zafirovski, Mite"]
[Result "1/2-1/2"]
[WhiteElo "2219"]
[BlackElo "2256"]
[PlyCount "25"]
[EventDate "2013.10.10"]
[EventType "team-swiss"]
[EventRounds "8"]
[EventCountry "SRB"]
[SourceTitle "EXT 2015"]
[Source "ChessBase"]
[SourceDate "2014.11.20"]
[SourceVersion "1"]
[SourceVersionDate "2014.11.20"]
[SourceQuality "1"]

1. Nf3 Nf6 2. c4 e6 3. Nc3 Bb4 4. Qc2 0-0 5. e3 b6 6. Be2 Bb7 7. 0-0 Bxc3 8. Qxc3 d6 9. d3 Nbd7 10. b3 Qe7 11. Bb2 c5 12. Rad1 Rac8 13. Nd2 1/2-1/2

[Event "SRB-chT2 East"]
[Site "Zajecar"]
[Date "2013.10.11"]
[Round "3"]
[White "Lukic, Igor M"]
[Black "Zafirovski, Mite"]
[Result "1/2-1/2"]
[WhiteElo "2092"]
[BlackElo "2256"]
[PlyCount "51"]
[EventDate "2013.10.10"]
[EventType "team-swiss"]
[EventRounds "8"]
[EventCountry "SRB"]
[SourceTitle "EXT 2014"]
[Source "ChessBase"]
[SourceDate "2013.11.20"]
[SourceVersion "1"]
[SourceVersionDate "2013.11.20"]
[SourceQuality "1"]

1. d4 Nf6 2. c4 e6 3. Nc3 Bb4 4. Bg5 h6 5. Bh4 c5 6. e3 d6 7. Bd3 Bxc3+ 8. bxc3 Nbd7 9. Ne2 Qe7 10. e4 e5 11. d5 Nf8 12. f3 Ng6 13. Bxf6 Qxf6 14. Qd2 Qg5 15. g3 Qxd2+ 16. Kxd2 Kd8 17. Ke3 Kc7 18. Rhg1 Bd7 19. Rab1 Rab8 20. Rb2 Rhe8 21. Rgb1 b6 22. Rf1 Bh3 23. Rd1 Bd7 24. Rf1 Bh3 25. Rfb1 Bd7 26. Rf1 1/2-1/2

[Event "SRB-chT Central"]
[Site "Kraljevo"]
[Date "2011.09.24"]
[Round "10.3"]
[White "Zafirovski, Mite"]
[Black "Sredojevic, Ivan"]
[Result "0-1"]
[WhiteElo "2239"]
[BlackElo "2426"]
[PlyCount "80"]
[EventDate "2011.09.17"]
[EventType "team-tourn"]
[EventRounds "11"]
[EventCountry "SRB"]
[SourceTitle "CBM 144 Extra"]
[Source "ChessBase"]
[SourceDate "2011.10.28"]
[SourceVersion "1"]
[SourceVersionDate "2011.10.28"]
[SourceQuality "1"]
[WhiteTeam "Rudar"]
[BlackTeam "Metalac"]
[WhiteTeamCountry "YUG"]
[BlackTeamCountry "YUG"]

1. d4 Nf6 2. c4 g6 3. g3 Bg7 4. Bg2 0-0 5. Nc3 d6 6. Nf3 c6 7. 0-0 a6 8. e4 Bg4 9. h3 Bxf3 10. Bxf3 Nbd7 11. Be3 Qc7 12. Rc1 e5 13. d5 c5 14. h4 Ne8 15. h5 Qd8 16. hxg6 hxg6 17. Bg2 b5 18. cxb5 axb5 19. Nxb5 Rxa2 20. Qb3 Ra8 21. Na3 Rb8 22. Qc2 f5 23. Bd2 f4 24. Bf3 Ndf6 25. Nc4 Qd7 26. gxf4 Qh3 27. Qd1 Bh6 28. fxe5 Bxd2 29. Nxd2 dxe5 30. Rc3 Rxb2 31. Re3 Nd6 32. Bg2 Qh4 33. Nf3 Qf4 34. Qc1 Rb5 35. Ree1 Nfxe4 36. Re2 c4 37. Qxf4 exf4 38. Nd4 Rxd5 39. Nc6 Rg5 40. f3 Ng3 0-1

[Event "SRB-chT Central"]
[Site "Kraljevo"]
[Date "2011.09.22"]
[Round "8"]
[White "Zafirovski, Mite"]
[Black "Ratkovic, Miloje"]
[Result "1/2-1/2"]
[WhiteElo "2239"]
[BlackElo "2135"]
[PlyCount "37"]
[EventDate "2011.09.17"]
[EventType "team-tourn"]
[EventRounds "11"]
[EventCountry "SRB"]
[SourceTitle "CBM 144 Extra"]
[Source "ChessBase"]
[SourceDate "2011.10.28"]
[SourceVersion "1"]
[SourceVersionDate "2011.10.28"]
[SourceQuality "1"]
[WhiteTeam "Rudar"]
[BlackTeam "Sloboda"]
[WhiteTeamCountry "YUG"]
[BlackTeamCountry "YUG"]

1. d4 d5 2. c4 c6 3. Nf3 Nf6 4. Qb3 dxc4 5. Qxc4 Bf5 6. g3 e6 7. Bg2 Be7 8. 0-0 0-0 9. e3 Nbd7 10. Qe2 Bg4 11. Re1 Ne4 12. Nc3 Ndf6 13. Nxe4 Nxe4 14. h3 Bh5 15. g4 Bg6 16. Ne5 Bh4 17. f3 Bf2+ 18. Kh2 Bg3+ 19. Kg1 1/2-1/2

[Event "SRB-chT Central"]
[Site "Kraljevo"]
[Date "2011.09.21"]
[Round "6"]
[White "Zafirovski, Mite"]
[Black "Lapcevic, Milos"]
[Result "1/2-1/2"]
[WhiteElo "2239"]
[BlackElo "2420"]
[PlyCount "60"]
[EventDate "2011.09.17"]
[EventType "team-tourn"]
[EventRounds "11"]
[EventCountry "SRB"]
[SourceTitle "CBM 144 Extra"]
[Source "ChessBase"]
[SourceDate "2011.10.28"]
[SourceVersion "1"]
[SourceVersionDate "2011.10.28"]
[SourceQuality "1"]
[WhiteTeam "Rudar"]
[BlackTeam "Jelica"]
[WhiteTeamCountry "YUG"]
[BlackTeamCountry "YUG"]

1. d4 Nf6 2. c4 e6 3. g3 d5 4. Bg2 Bb4+ 5. Bd2 Be7 6. Nf3 0-0 7. 0-0 c6 8. Bf4 b6 9. Qb3 Ba6 10. Nbd2 Nbd7 11. Rfd1 b5 12. cxd5 cxd5 13. Rdc1 Qb6 14. Bc7 Qb7 15. Bf4 Rfc8 16. Qd1 Nb6 17. Ne5 Nfd7 18. Nxd7 Qxd7 19. Nf3 f6 20. h4 Nc4 21. Rc2 b4 22. Rac1 Bb5 23. Bh3 a5 24. b3 Nd6 25. Bxd6 Bxd6 26. Ne1 Rxc2 27. Qxc2 f5 28. e3 Qa7 29. Bf1 Bd7 30. Nd3 a4 1/2-1/2

[Event "SRB-chT2 East"]
[Site "Serbia"]
[Date "2010.09.19"]
[Round "2"]
[White "Zafirovski, Mite"]
[Black "Kolbert, Engelbert"]
[Result "1-0"]
[WhiteElo "2240"]
[BlackElo "2130"]
[PlyCount "63"]
[EventDate "2010.09.11"]
[EventType "team"]
[EventRounds "11"]
[EventCountry "SRB"]
[SourceTitle "EXT 2012"]
[Source "ChessBase"]
[SourceDate "2011.11.24"]
[SourceVersion "1"]
[SourceVersionDate "2011.11.24"]
[SourceQuality "1"]

1. d4 Nf6 2. c4 g6 3. g3 Bg7 4. Bg2 d6 5. Nc3 0-0 6. Nf3 Na6 7. 0-0 c5 8. d5 Nc7 9. a4 b6 10. Bf4 a6 11. h3 Rb8 12. e4 b5 13. axb5 axb5 14. e5 Nfe8 15. b3 bxc4 16. bxc4 Rb4 17. Ra4 Ba6 18. Nd2 g5 19. Bxg5 Bxe5 20. Na2 Rb2 21. Nc1 Bg7 22. Nd3 Rb6 23. Re1 Nf6 24. Nb3 Qd7 25. Na5 Ncxd5 26. cxd5 Bxd3 27. Nc6 Rxc6 28. dxc6 Qf5 29. Bxf6 Bxf6 30. Rf4 Qg6 31. Rg4 Bg5 32. h4 1-0

[Event "SRB-chT2 East"]
[Site "Pozarevac"]
[Date "2009.09.13"]
[Round "2.5"]
[White "Rajkovic, Aleksandar"]
[Black "Zafirovski, Mite"]
[Result "1/2-1/2"]
[WhiteElo "2144"]
[BlackElo "2257"]
[PlyCount "36"]
[EventDate "2009.09.06"]
[EventType "team"]
[EventRounds "11"]
[EventCountry "SRB"]
[SourceTitle "EXT 2012"]
[Source "ChessBase"]
[SourceDate "2011.11.24"]
[SourceVersion "1"]
[SourceVersionDate "2011.11.24"]
[SourceQuality "1"]

1. d4 Nf6 2. Nf3 e6 3. c4 b6 4. g3 Bb7 5. Bg2 Be7 6. 0-0 0-0 7. Nc3 Ne4 8. Nxe4 Bxe4 9. b3 d5 10. Bb2 dxc4 11. bxc4 c5 12. Ne5 Bxg2 13. Kxg2 cxd4 14. Qxd4 Qxd4 15. Bxd4 f6 16. Nd3 Rc8 17. Rfc1 Nd7 18. a4 Rc6 1/2-1/2

[Event "SRB-chT2 East"]
[Site "Golubac"]
[Date "2008.10.16"]
[Round "6.6"]
[White "Zafirovski, Mite"]
[Black "Stankovic, Ivan G"]
[Result "1/2-1/2"]
[WhiteElo "2270"]
[BlackElo "2025"]
[PlyCount "27"]
[EventDate "2008.09.14"]
[EventType "team"]
[EventRounds "11"]
[EventCountry "SRB"]
[SourceTitle "EXT 2012"]
[Source "ChessBase"]
[SourceDate "2011.11.24"]
[SourceVersion "1"]
[SourceVersionDate "2011.11.24"]
[SourceQuality "1"]

1. d4 g6 2. c4 Bg7 3. g3 d6 4. Bg2 Nd7 5. Nf3 e5 6. Nc3 Ne7 7. 0-0 0-0 8. e4 h6 9. Rb1 Kh7 10. dxe5 dxe5 11. b4 f5 12. exf5 Nxf5 13. Ne4 Nd4 14. c5 1/2-1/2

[Event "SRB-chT2 East"]
[Site "Serbia"]
[Date "2007.10.19"]
[Round "9.2"]
[White "Zafirovski, Mite"]
[Black "Panic, Milan"]
[Result "1-0"]
[WhiteElo "2256"]
[BlackElo "2203"]
[PlyCount "57"]
[EventDate "2007.09.09"]
[EventType "team"]
[EventRounds "11"]
[EventCountry "SRB"]
[SourceTitle "EXT 2012"]
[Source "ChessBase"]
[SourceDate "2011.11.24"]
[SourceVersion "1"]
[SourceVersionDate "2011.11.24"]
[SourceQuality "1"]
[WhiteTeam "Jastrebac Blace"]
[BlackTeam "Bor"]
[WhiteTeamCountry "SRB"]
[BlackTeamCountry "SRB"]

1. d4 Nf6 2. c4 e6 3. g3 c5 4. d5 exd5 5. cxd5 d6 6. Nc3 g6 7. Nf3 Bg7 8. Bg2 0-0 9. 0-0 a6 10. a4 Nbd7 11. Bf4 Ne8 12. Qc1 Qe7 13. Bh6 Rb8 14. Bxg7 Kxg7 15. a5 Nef6 16. Nd2 b5 17. axb6 Nxb6 18. Qc2 Re8 19. e4 Nxe4 20. b3 Qe5 21. h3 Nf6 22. Nf3 Qe7 23. Rfe1 Qb7 24. Bf1 Na8 25. Nd2 Nc7 26. Nc4 Qxb3 27. Qc1 Nb5 28. Nxb5 axb5 29. Nxd6 1-0

[Event "SRB-chT2 East"]
[Site "Serbia"]
[Date "2007.10.14"]
[Round "6.2"]
[White "Raicevic, Ivica"]
[Black "Zafirovski, Mite"]
[Result "1/2-1/2"]
[WhiteElo "2323"]
[BlackElo "2256"]
[PlyCount "23"]
[EventDate "2007.09.09"]
[EventType "team"]
[EventRounds "11"]
[EventCountry "SRB"]
[SourceTitle "EXT 2012"]
[Source "ChessBase"]
[SourceDate "2011.11.24"]
[SourceVersion "1"]
[SourceVersionDate "2011.11.24"]
[SourceQuality "1"]
[WhiteTeam "Kostolac Rudar"]
[BlackTeam "Jastrebac Blace"]
[WhiteTeamCountry "SRB"]
[BlackTeamCountry "SRB"]

1. c4 Nf6 2. Nc3 e6 3. Nf3 Bb4 4. g3 0-0 5. Bg2 d5 6. cxd5 exd5 7. a3 Be7 8. d4 c6 9. Bg5 Nbd7 10. 0-0 h6 11. Bxf6 Nxf6 12. b4 1/2-1/2

[Event "SRB-chT2 East"]
[Site "Serbia"]
[Date "2006.10.27"]
[Round "9.4"]
[White "Zafirovski, Mite"]
[Black "Vojinovic, Goran"]
[Result "0-1"]
[WhiteElo "2271"]
[BlackElo "2461"]
[PlyCount "113"]
[EventDate "2006.09.09"]
[EventType "team"]
[EventRounds "11"]
[EventCountry "SRB"]
[SourceTitle "EXT 2012"]
[Source "ChessBase"]
[SourceDate "2011.11.24"]
[SourceVersion "1"]
[SourceVersionDate "2011.11.24"]
[SourceQuality "1"]

1. d4 e6 2. c4 f5 3. g3 Nf6 4. Bg2 d5 5. Nf3 c6 6. 0-0 Bd6 7. Qc2 0-0 8. b3 Qe7 9. Ne5 Nbd7 10. Bb2 Ne4 11. Nd2 Nxd2 12. Qxd2 Nf6 13. Qc2 Bd7 14. Nxd7 Qxd7 15. e3 g5 16. Qe2 g4 17. f3 gxf3 18. Bxf3 Kh8 19. Rf2 Rg8 20. Rg2 Rg6 21. Bc3 Rag8 22. Be1 Qg7 23. Rc1 Qe7 24. Rc2 Ng4 25. Bxg4 Rxg4 26. Qf3 Qd7 27. cxd5 cxd5 28. Qd1 R4g7 29. Qd3 Qe8 30. Qd1 Qg6 31. Qf3 Rf7 32. a4 Qg4 33. Qxg4 fxg4 34. Rge2 Bf8 35. Bf2 Bg7 36. Kg2 Rd7 37. h3 gxh3+ 38. Kxh3 Bf8 39. e4 Bd6 40. e5 Be7 41. Rc3 Bb4 42. Rf3 Rc8 43. Rf6 Rc6 44. Rf3 Kg8 45. Be1 Be7 46. g4 Rc1 47. Rc3 Rc7 48. Rxc7 Rxc7 49. Re3 Rc1 50. Bf2 Kf7 51. Rf3+ Kg6 52. Kg2 a6 53. Kh3 Bg5 54. Kg2 Be7 55. Kh3 b5 56. axb5 axb5 57. Kg2 0-1

[Event "SRB-chT2 East"]
[Site "Serbia"]
[Date "2006.09.30"]
[Round "4.2"]
[White "Lukic, Igor M"]
[Black "Zafirovski, Mite"]
[Result "1/2-1/2"]
[WhiteElo "2087"]
[BlackElo "2271"]
[PlyCount "23"]
[EventDate "2006.09.09"]
[EventType "team"]
[EventRounds "11"]
[EventCountry "SRB"]
[SourceTitle "EXT 2012"]
[Source "ChessBase"]
[SourceDate "2011.11.24"]
[SourceVersion "1"]
[SourceVersionDate "2011.11.24"]
[SourceQuality "1"]

1. d4 Nf6 2. c4 e6 3. Nc3 Bb4 4. Qc2 0-0 5. a3 Bxc3+ 6. Qxc3 d6 7. e3 b6 8. Bd3 Bb7 9. f3 Nbd7 10. b4 c5 11. Ne2 Rc8 12. 0-0 1/2-1/2